Bussiness ethics in the financial service sector

Poukázanie na nutnosť sociálnej zodpovednosti podnikov v poisťovníctve na Slovensku. Hľadanie odpoveda na otázky, kde sú limity a aké metódy sú prípustné pri generovaní zisku. Snaha o zladenie etických princípov so záujmami firiem a akcionárov.

Salvato in:
Dettagli Bibliografici
Autore principale: Meluchová, Jitka, 1965-
Altri autori: Mateášová, Martina, 1979-
Natura: Capitolo di libro
Lingua:inglese
Soggetti:
Tags: Aggiungi Tag
Nessun Tag, puoi essere il primo ad aggiungerne!!

MARC

LEADER 00000nla a2200000 4500
001 0233944
005 20240502083622.7
041 0 |a eng 
044 |a RS 
245 1 0 |a Bussiness ethics in the financial service sector  |c Jitka Meluchová, Martina Mateášová 
520 |a Poukázanie na nutnosť sociálnej zodpovednosti podnikov v poisťovníctve na Slovensku. Hľadanie odpoveda na otázky, kde sú limity a aké metódy sú prípustné pri generovaní zisku. Snaha o zladenie etických princípov so záujmami firiem a akcionárov. 
610 2 0 |a etika 
610 2 0 |a Slovensko 
610 2 0 |a poisťovníctvo 
610 2 0 |a zodpovednosť podniku spoločenská 
610 2 0 |a zisk 
100 1 |a Meluchová, Jitka, 1965- 
700 1 |a Mateášová, Martina, 1979-